000 00543nam a2200181Ia 4500
003 GCL
008 140319s9999 xx 000 0 ara d
040 _aGCL /
_cGCL
082 0 4 _a301.243
_bع ع
100 1 _aعبدالباسط محمد حسن
245 1 0 _aعلم الاجتماع الصناعى /
_cعبدالباسط محمد حسن
300 _a448 ص
490 _a
650 0 4 _aالاجتماع الصناعى
650 0 4 _aالادارة الصناعية
650 0 4 _aعلم الاجتماع الصناعى
942 _2ddc
_cBK
999 _c39961
_d39961